000 00226nam a22001217a 4500
040 _cSK
082 _a369
100 _aCHAY CHIM
245 _aBeverage technology
260 _aRUA
_bCHA
_c2011
300 _a129p.
942 _cEK
999 _c8602
_d8602